000 00619nam a2200169 i 4500
001 79240
003 ES-MaACL
007 t|
008 041020s1973 sp ||||1| spa d
100 1 _aHenley, Ernst J.
_962544
245 1 0 _aCálculo de balances de materia y energía
_b: (métodos manuales y empleo de máquinas calculadoras) /
_cErnst J. Henley, Edward M. Rosen ; [versión por Fidel Mato Vázquez].
260 _aBarcelona :
_bReverté,
_c1973.
300 _aXXXI, 596 p. :
_bil. ;
_c22 cm.
700 1 _aRosen, Edward M.
_999713
700 1 _aMato Vázquez, Fidel.
_979089
852 _aES-MaACL
_jE-7050
_bR.91697
999 _c79240
_d79240